MARC

LEADER 00000nam0a2200000 4500
001 306822
005 20231102001931.0
035 |a (RuTPU)RU\TPU\book\332099 
090 |a 306822 
100 |a 20151012d1983 km y0rusy50 ca 
101 0 |a rus 
102 |a RU 
105 |a a z 001zy 
200 1 |a Социально-психологический климат коллектива и личность  |f В. В. Бойко, А. Г. Ковалёв, В. Н. Панферов 
210 |a Москва  |c Мысль  |d 1983 
215 |a 207 с.  |c ил. 
320 |a Библиогр.: с. 196-205 
606 1 |a Личность  |x Социально-психологические проблемы  |2 stltpush  |3 (RuTPU)RU\TPU\subj\37621  |9 58507 
610 1 |a коллективы 
610 1 |a социально-психологический климат 
610 1 |a методы 
610 1 |a изучение 
610 1 |a групповые оценки 
610 1 |a динамика 
610 1 |a настроение 
610 1 |a общественное мнение 
610 1 |a личностные качества 
610 1 |a руководители 
610 1 |a конфликты 
686 |a С55.35  |v LBC/SL-A  |2 rubbk 
700 1 |a Бойко  |b В. В.  |g Виктор Васильевич 
701 1 |a Ковалёв  |b А. Г.  |g Александр Григорьевич 
701 1 |a Панферов  |b В. Н.  |g Владимир Николаевич 
801 1 |a RU  |b 63413507  |c 20151012 
801 2 |a RU  |b 63413507  |c 20190520  |g RCR 
942 |c BK